000 00477nam a2200181Ia 4500
001 23138
005 20260414150917.0
008 260414t2014||||xx |||||||||||||| ||spa||
041 _aESP
082 _a624.18341
_bH44
100 _aHernández Montes, Enrique
_eAUT
245 0 _aHormigón armado y pretensado :
_bconcreto reforzado y preesforzado
260 _c2014
300 _axvi, 452 páginas :
_c24 cm.
650 _a0
654 _aCIC
942 _cLIB
_dJUS
_fJUS
_2ddc
_n
999 _c23138
_d23138